|
|
|
|
| LEADER |
00000nam a2200000 a 4500 |
| 001 |
vtls010280060 |
| 003 |
SK-MaSNL |
| 005 |
20260301084458.0 |
| 008 |
150827s2011 xo f 101 0 eng |
| 015 |
|
|
|a SNBA2011/08-04182
|
| 020 |
|
|
|q (brož.)
|
| 022 |
|
|
|a 1336-4839
|
| 035 |
|
|
|a 2A1531C2-A08D-401A-A940-FEE6F6CF5C08
|
| 035 |
|
|
|a urn:nbn:sk:snk-amjhwc
|
| 035 |
|
|
|a urn:nbn:sk:snk-am00131w
|
| 040 |
|
|
|a SNK
|b slo
|c SNK
|e AACR2
|
| 041 |
0 |
|
|a eng
|
| 044 |
|
|
|a xo
|c SK
|
| 072 |
|
7 |
|a 58
|x Botanika
|2 konspekt
|
| 080 |
|
|
|a 582.282.23
|2 2001
|
| 080 |
|
|
|a 579+578
|2 2001
|
| 080 |
|
|
|a 577.1
|2 2001
|
| 080 |
|
|
|a 60
|2 2001
|
| 080 |
|
|
|a (048.3)
|2 2001
|
| 080 |
|
|
|a (062.534)
|2 2001
|
| 111 |
2 |
|
|a Annual Conference on Yeasts
|n (39. :
|d 2011 :
|c Smolenice, Slovakia)
|9 412956
|
| 245 |
1 |
0 |
|a XXXIXth Annual Conference on Yeasts
|b program and abstracts : May 3-6, 2011 : SAS Congress Centre, Smolenice, Slovakia
|
| 246 |
3 |
|
|a Thirty-ninth Annual Conference on Yeasts
|
| 250 |
|
|
|a [1st ed.]
|
| 260 |
|
|
|a [S.l.]
|b [s.n.]
|c [2011]
|
| 300 |
|
|
|a 120 s.
|c 21 cm
|
| 504 |
|
|
|a Aut. reg. Bibliogr. odkazy
|
| 650 |
0 |
7 |
|a kvasinky
|2 SNKPH
|9 16201
|
| 650 |
0 |
7 |
|a Saccharomycetales
|2 SNKPHeng
|9 359484
|
| 650 |
0 |
7 |
|a Microbiology
|2 SNKPHeng
|9 270714
|
| 650 |
0 |
7 |
|a Biochemistry
|2 SNKPHeng
|9 266275
|
| 650 |
0 |
7 |
|a mikrobiológia
|2 SNKPH
|9 3580
|
| 650 |
0 |
7 |
|a Biotechnology
|2 SNKPHeng
|9 266982
|
| 650 |
0 |
7 |
|a biochémia
|2 SNKPH
|9 696
|
| 650 |
0 |
7 |
|a biotechnológia
|2 SNKPH
|9 4156
|
| 655 |
|
7 |
|a abstrakty
|2 SNKPH
|9 22516
|
| 655 |
|
7 |
|a zborníky konferencií
|2 SNKPH
|9 70153
|
| 655 |
|
7 |
|a Abstracts
|2 SNKPHeng
|9 275616
|
| 655 |
|
7 |
|a Proceedings of conferences
|2 SNKPHeng
|9 265791
|
| 958 |
|
|
|a NB
|
| 968 |
|
|
|d 56/59
|
| 999 |
|
|
|c 663521
|d 665451
|
| 952 |
|
|
|a SNK
|b SNK
|y PREZ
|7 0
|p 17A0703301
|o snkSD 80219
|i snk2011/11683
|8 0
|0 0
|1 0
|4 0
|d 2011-05-20
|l 0
|r 2025-11-27 00:00:00
|w 2026-02-23
|
| 952 |
|
|
|a SNK
|b SNK
|y VYP
|7 0
|p 17A0703310
|o snkSD 80219 D1
|i snk2011/11684
|8 0
|0 0
|1 0
|4 0
|d 2011-05-20
|f 1
|l 0
|r 2017-06-30 00:00:00
|w 2026-02-23
|